Yoga beats asthma : simple exercises and breathing techniques to relieve asthma and respiratory disorders

Bibliographic Details
Main Author: Weller, Stella
Format: Book
Published: London : Thorsons , 2003
Subjects:

MARC

LEADER 00000cam a2200000 7i4500
001 0000016670
005 20080429.0
008 080428
020 |a 0007154496 
090 0 0 |a 613.7046   |b WEL 
100 1 |a Weller, Stella 
245 1 0 |a Yoga beats asthma :   |b simple exercises and breathing techniques to relieve asthma and respiratory disorders   |c Stella Weller 
260 |a London :   |b Thorsons ,   |c 2003 
650 0 |a Yoga 
999 |a 0001015342   |b Book   |c Adult Collection   |e Perbadanan Perpustakaan Awam Johor